| 000 | 00710nam a2200253 a 4500 | ||
|---|---|---|---|
| 999 |
_c584 _d584 |
||
| 001 | 584 | ||
| 003 | BD-JhCC | ||
| 005 | 20171007185715.0 | ||
| 008 | 171007s20082012ii a|||| || | 000 0 eng d | ||
| 020 | _a9788175965713 | ||
| 035 | _a(BD-JhCC)584 | ||
| 040 |
_aBD-JhCC _dBD-JhCC |
||
| 041 | _aeng | ||
| 082 |
_a420.0 _bDUT 2012 |
||
| 100 | _aDutt, P. Kiranami | ||
| 245 |
_aA Course in Communication Skills / _cP. Kiranami Dutt, Geetha Rajeevan, C. L. N. Prakash |
||
| 260 |
_aNew Delhi: _bCambridge University Prss India Pvt. Ltd. _c2012 |
||
| 300 |
_a306 p.; _bii _c26cm. |
||
| 650 | _aEnglish Teaching | ||
| 700 | _aRajeevan, Geetha | ||
| 700 | _aPrakash, C. L. N. | ||
| 942 |
_2ddc _cBK |
||